| 000 | 00637nam a2200205Ia 4500 | ||
|---|---|---|---|
| 001 | 3874 | ||
| 003 | AR-BaAGN | ||
| 005 | 20231226134345.0 | ||
| 007 | ta | ||
| 008 | 211213s1937 ag |||||||||||||| ||spa d | ||
| 040 |
_aAR-BaAGN _bspa _eaacr |
||
| 100 | 1 |
_aFresco, Manuel Antonio, _d1888-1971 _97065 |
|
| 245 | 1 | 0 |
_aComo se habla y se gobierna en la primera provincia argentina : _bmensajes y discursos políticos del gobernador _cManuel A. Fresco |
| 260 |
_aLa Plata : _bTaller de Impresiones Oficiales, _c1937. |
||
| 300 | _a116 páginas | ||
| 336 |
_2rdacontent _btxt |
||
| 337 |
_2rdamedia _bn |
||
| 338 |
_2rdacarrier _bnc |
||
| 942 | _cLIBRO | ||
| 999 |
_c3874 _d3874 |
||